000 01577cam a2200313 a 4500
001 14359558
003 OSt
005 20210910102655.0
008 060501s2005 ck ab b 001 0 spa d
010 _a 2006368996
020 _a9588093562 (pbk.)
020 _a9789588093567
040 _aCOO
_cCO-JMCR
041 0 _aspa
082 0 4 _a338.27282 /
_bH558c
_223
100 1 _aHernández R., Luis H.
_q(Luis Humberto Hernández Riveros)
_dautor
_940229
245 1 0 _aColombia, petróleo y política :
_bposibles alianzas estratégicas /
_cLuis H. Hernández R.
250 _aPrimera adicción
260 _aBogotá :
_bDesde Abajo :
_bLe Monde Diplomatique,
_c2005.
300 _a141 páginas :
_bilustraciones, gráficas y mapas en blanco y negro ;
_c18 cm.
490 0 _aColección Colombia presente y futuro ;
_v2
504 _aBibliografías : páginas 154-166, e índices.
505 0 _aEntorno internacional. -- Situación petrolera colombiana: un momento crucial. -- Alianza estratégicas colombianas: entre el Alba y el Alca.
520 0 _aLa Colección Colombia Presente y Futuro tiene por objetivo estimular al lector no especializado en el estudio de nuestro país. Sus libros brindan descripciones, definiciones y proyecciones de la Colombia real en los albores del siglo XXI, dando pistas para que el lector prosiga la labor investigativa aquí iniciada.
650 1 4 _aIndustria y comercio del petróleo
_zColombia.
_912863
650 2 4 _aLa política energética
_zColombia.
_912864
650 2 4 _aSituación mundial
_vPetróleo
_940230
942 _2ddc
_cBK
999 _c12441
_d12441